| 000 | 01125cam a22002655a 4500 | ||
|---|---|---|---|
| 001 | L125979 | ||
| 008 | 040426s2004 xxk f 001 0 eng u | ||
| 020 | _a0421874902 | ||
| 035 | _a(Sirsi) u125979 | ||
| 041 | _aeng | ||
| 050 | 0 | 4 | _a625.7026 $2 18 |
| 100 | 1 | _aSauvain, Stephen | |
| 245 | 0 | 0 | _aHighway law |
| 250 | _a3rd ed. | ||
| 260 |
_aLondon _bSweet and Maxwell _c2004 |
||
| 300 |
_alxxxviii, 609p. _c24cm. |
||
| 350 | _a165 | ||
| 520 | _aGives a practical guide to the law relating to highways. Covers their creation, maintenance, development and ownership. Also considers civil liability for a failure to maintain, highway improvement and protection, and their extinguishment and diversion. Defines and addresses streets, new and private streets. Covers bridges, footpaths and bridleways, street works. In addition, the book covers the acquisition of land and compulsory purchase system. | ||
| 521 | 2 | _aAdvanced | |
| 650 | 2 | 4 | _aCOUNTRYSIDE AND RIGHTS OF WAY ACT 2000 |
| 650 | 2 | 4 | _aTRANSPORT ACT 2000 |
| 651 | 4 |
_aUnited Kingdom _y |
|
| 690 | _aPROPERTY-INFRASTRUCTURE-ROAD INFRASTRUCTURE | ||
| 942 | _n0 | ||
| 999 |
_c103536 _d103536 |
||